000 00325pab a2200145 454500
008 180718b1989 xxu||||| |||| 00| 0 eng d
100 _aIyer, S.R. Krishna
245 _aFall in liquidity, broad money
260 _c1989
300 _a49-50
362 _a29 Mar.
650 _aMoney
773 _aCommerce
909 _a14155
999 _c14155
_d14155